Statistics for Norske Sidestilte Russebusser

Click here to take the quiz!

General Stats

  • This quiz has been taken 1 853 times
    (1 375 since last reset)
  • The average score is 28 of 36

Answer Stats

Answer% Correct
Kuken
96%
Arna
94%
Arna
94%
Legenden
93%
Vulvaen
92%
Ærna
91%
Doningen
91%
Huldra
86%
Pappa
86%
Wonderboys
85%
Øgla
83%
Balla
81%
Klitten
81%
Pungen
81%
Subben/Myggen
79%
Hvalen
77%
Larven
77%
Bien
76%
Parken
76%
Sleiken
76%
Dronningen
75%
Biffen
73%
Pitten
72%
Gubben
70%
Kartongen
70%
Gnisten
68%
Jesus
68%
Kari
68%
Macken
67%
Kunstverket
66%
Titsmaskinen
66%
Raketten
65%
Toget
65%
Sleden
64%
Kidden
63%
Leddet
63%

Score Distribution

Percentile by Number Answered

Percent of People with Each Score

Your Score History

You have not taken this quiz since the last reset